| 000 | 02384nam a2200325 4500 | ||
|---|---|---|---|
| 003 | OSt | ||
| 005 | 20260512121612.0 | ||
| 008 | 260512b |||||||| |||| 00| 0 aze d | ||
| 040 |
_aAZ-XaKU _baze _cAZ-XaKU |
||
| 041 | 0 | _aaze | |
| 050 | 1 | 4 | _aHJ9925 .A9 .K43 2000 |
| 100 | 1 |
_aXankişiyev, Bəybala. _emüəllif |
|
| 245 | 1 | 0 |
_aBüdcə uçotu _b : dərs vəsaiti _c / Bəybala Xankişiyev ; elmi redaktor S. N. İsmayılov ; rəyçilər Ş. Bədəlov, M. Rəsulov |
| 264 |
_aBakı : _b"Biznes Universiteti , _c2000. |
||
| 300 |
_a198, [2] səhifə ; _c20 sm. |
||
| 336 |
_atext _btxt _2rdacontent |
||
| 337 |
_aunmediated _bn _2rdamedia |
||
| 338 |
_avolume _bnc _2rdacarrier |
||
| 500 | _aAzərbaycan Respublikası Təhsil Nazirliyinin 23.05.200-ci il tarixli 494 saylı əmri ilə ali məktəb tələbələri üçün dərs vəsaiti kimi tövsiyə edilmişdir. | ||
| 504 | _aİstifadə olunmuş ədəbiyyat : s. 198. | ||
| 505 | 0 | _aGiriş -- I Fəsil. Mühasibat uçotu haqqında ümumi müddəalar -- II Fəsil. Büdcə idarə, müəssisə və təşkilatlarında büdcə uçotunun təşkili -- III Fəsil. Büdcə idarə, müəssisə və təşkilatlarında büdcə uçotunun təşkili -- IV Fəsil. Büdcə idarə, müəssisə və təşkilatlarında material ehtiyatlarının uçotu -- V Fəsil. Büdcə idarə, müəssisə və təşkilatlarında maliyyələşmənin, pul vəsaitlərinin və xərclərin uçotu -- VI Fəsil. Büdcə idarə, müəssisə və təşkilatlarında hesablaşmaların uçotu -- VII Fəsil. Büdcədənkənar vəsaitlərin uçotu -- VIII Fəsil. Büdcə idarə, müəssisə və təşkilatlarının hesabatları. | |
| 520 | 0 | _aAli məktəblərdə "Maliyyə-kredit" ixtisası üzrə mütəxəssislər hazırlanması üçün yazılmş bu dərs vəsaiti "Büdcə uçotu və hesabatı" fənninin proqramına uyğun hazırlanmışdır. O, habelə maliyyə ixtisası üzrə kadr hazırlayan texnikum və kollec tələbələrinə və eləcə də büdcədən maliyyələşən idarə, müəssisə və təşkilatlarda işləyən işçilərə köməklik göstərə bilər. | |
| 650 | 7 |
_2AZ-XaKU _aDövlət maliyyəsi _xAudit _zAzərbaycan. |
|
| 655 |
_2AZ-XaKU _aDərs vəsaiti |
||
| 700 | 1 |
_aİsmayılov, S. N., _eelmi redaktor. |
|
| 700 | 1 |
_aBədəlov, Ş., _erəyçi. |
|
| 700 | 1 |
_aRəsulov, M., _erəyçi. |
|
| 942 | _cBOOK | ||
| 999 |
_c427 _d427 |
||